000 01403nam a2200253Ia 4500
999 _c52426
_d52426
001 19448
003 GE_BSU
005 20200228172548.0
008 181216s1949||||ge |||||||||||||| ||geo||
040 _cGE_BSU
041 _ageo
080 _a81'0 ღ-73
100 _aღლონტი, ალ.
_91038
245 _aენის წარმოშობის საკითხისათვის :
_bლექცია, წაკითხული საქართველოს პოლიტიკური და მეცნიერული ცოდნის გამავრცელებელი საზოგადოების სამხრეთ ოსეთის საოლქო განყოფილების ქ. სტალინირის ლექტორიუმში /
_cალ. ღლონტი ; რედ. ივ. ივანაძე.
264 _aსტალინირი :
_bსახელგამი,
_c1949.
300 _a53 გვ. ;
_c20 სმ.
500 _a ძირითადი ლიტ-რა გვ. 52-53.
504 _aბიბლიოგრაფია
541 _h80თ.
653 _aენის წარმოშობის ისტორია
653 _aქართული ენა
700 _aივანაძე, ივ.
_eრედაქტორი
_97655
942 _cBK
_2udc